000 00616nam a2200229Ia 4500
003 OSt
005 20220924132530.0
006 a|||||r|||| 00| 0
007 ta
008 220923b |||||||| |||| 00| 0 san d
024 _a59942
037 _cTextual
040 _aARTS
_cARTS
_bsan
041 _2san
_asan
082 _aQ2:4xL50:1, 15D4
100 _aUpadhyaya Kashinath
_9204457
245 0 _aDharma sindhu ed by Krishnajee Ramachandra Sastri Navare
260 _c1804
650 _aRELIGION
942 _hQ2:4xL50:1, 15D4
_cTEXL
_2CC
999 _c430591
_d430591